|
|
|
|
| LEADER |
00000nam a2200000 4500 |
| 008 |
180716b2010 ag a|||| |||| 00| 0 spa d |
| 999 |
|
|
|c 3543
|d 3543
|
| 020 |
|
|
|a 9789508023278
|
| 090 |
|
|
|a 02.02.01
|b 2487
|
| 100 |
|
|
|9 4064
|a Fazzio, Adriana
|
| 245 |
1 |
0 |
|a Niñez, familia y derechos humanos : logros y desafíos pendientes en la primera década del siglo XXI /
|c Adriana Fazzio, compiladora [y autora] ; [Gabriel Scandizzo, Celia B. Lottini].
|
| 260 |
|
|
|a Buenos Aires :
|b Espacio Editorial,
|c 2010
|
| 300 |
|
|
|a 150 páginas;
|b ilustraciones
|
| 490 |
|
|
|a Ciencias Sociales. Novedades
|
| 650 |
1 |
4 |
|9 2251
|a POLITICA SOCIAL
|
| 650 |
1 |
4 |
|9 570
|a DERECHOS DEL NIÑO
|
| 650 |
1 |
4 |
|9 958
|a POLÍTICA GUBERNAMENTAL
|
| 650 |
1 |
4 |
|9 576
|a ASPECTOS SOCIALES
|
| 651 |
|
4 |
|9 63
|a ARGENTINA
|
| 700 |
|
|
|9 4065
|a Scandizzo, Gabriel
|
| 700 |
|
|
|9 4066
|a Lottini, Celia B.
|
| 942 |
|
|
|i 004502
|h 02.02.01 2487
|2 z
|c 01
|